Les figures de la Révolution Française - Statistiques

Statistiques générales
  • Ce quiz a été pris 357 fois
  • Le résultat moyen est 9 sur 20
Statistiques - réponses
Par images Hint Réponse % Correct
L'incorruptible Maximilien de Robespierre
92%
Rattrapé à Varennes Louis XVI
90%
L'Autrichienne Marie-Antoinette d'Autriche
85%
Député Montagnard Georges Danton
79%
Journaliste appelé " L'Ami du peuple " Jean-Paul Marat
73%
Major puis général Napoléon Bonaparte
70%
Rédactrice de la " Déclaration des droits de la femme et de la citoyenne" Olympe de Gouges
68%
Condamnée pour meurtre Charlotte Corday
59%
Homme politique et militaire Gilbert du Motier de La Fayette
59%
Député appelé "l'orateur du peuple" Honoré-Gabriel Riqueti de Mirabeau
49%
Montagnard et fidèle de Robespierre Louis Antoine de Saint-Just
43%
Député Montagnard et journaliste Camille Desmoulins
40%
Député créateur des départements Emmanuel-Joseph Sieyès
24%
Mathématicien et Girondin Nicolas de Condorcet
24%
Chef de file des Girondins Jacques Pierre Brissot
17%
Prêtre en faveur du suffrage universel masculin Henri Grégoire
12%
Général républicain puis royaliste Charles François Dumouriez
10%
Militaire appelé "Le Héros de Valmy" François Christophe Kellermann
10%
Homme politique, journaliste et l'un des instigateurs de la révolution Jacques-René Hébert
8%
Chef de la révolte vendéenne Charles de Bonchamps
1%
Aucun quiz correspondant
Distribution des résultats
% des personnes avec chaque résultat
Percentile par nombre de réponses
Votre historique - résultats
Vous n’avez pas pris ce quiz